000
00275nam a22001337a 4500
020
_a
81-86314-26-1
041
_a
ENG
100
_a
Singhal.B.L
245
_a
Applied Thermodynamics 3
260
_a
Delhi
_b
Everest PUb
_c
2000
300
_a
712
650
_a
APE
856
_u
APE
999
_c
351
_d
351